<?xml version="1.0" encoding="UTF-8"?>
<record
    xmlns:xsi="http://www.w3.org/2001/XMLSchema-instance"
    xsi:schemaLocation="http://www.loc.gov/MARC21/slim http://www.loc.gov/standards/marcxml/schema/MARC21slim.xsd"
    xmlns="http://www.loc.gov/MARC21/slim">

  <leader>01017nam a22002297a 4500</leader>
  <controlfield tag="005">20110127111424.0</controlfield>
  <datafield tag="010" ind1=" " ind2=" ">
    <subfield code="a">B-422606</subfield>
  </datafield>
  <datafield tag="020" ind1=" " ind2=" ">
    <subfield code="a">9788175552692</subfield>
    <subfield code="c">1000.00</subfield>
  </datafield>
  <datafield tag="035" ind1=" " ind2=" ">
    <subfield code="a">B-422606</subfield>
  </datafield>
  <datafield tag="037" ind1=" " ind2=" ">
    <subfield code="a">&#x92F;&#x942;.&#x92C;&#x940;.&#x90F;&#x91A;. / &#x935;&#x93F;&#x924;&#x930;&#x915;</subfield>
  </datafield>
  <datafield tag="082" ind1=" " ind2=" ">
    <subfield code="a">658.1</subfield>
  </datafield>
  <datafield tag="100" ind1=" " ind2=" ">
    <subfield code="a">&#x924;&#x93F;&#x935;&#x93E;&#x930;&#x940;, &#x938;&#x941;&#x928;&#x940;&#x932; &#x915;&#x941;&#x92E;&#x93E;&#x930;</subfield>
    <subfield code="9">25636</subfield>
  </datafield>
  <datafield tag="245" ind1=" " ind2=" ">
    <subfield code="a">&#x938;&#x902;&#x917;&#x920;&#x928;&#x93E;&#x924;&#x94D;&#x92E;&#x915; &#x935;&#x94D;&#x92F;&#x935;&#x939;&#x93E;&#x930; /</subfield>
    <subfield code="c">&#x938;&#x941;&#x928;&#x940;&#x932; &#x915;&#x941;&#x92E;&#x93E;&#x930; &#x924;&#x93F;&#x935;&#x93E;&#x930;&#x940; &#x90F;&#x935;&#x902; &#x909;&#x937;&#x93E; &#x924;&#x93F;&#x935;&#x93E;&#x930;&#x940;</subfield>
  </datafield>
  <datafield tag="246" ind1=" " ind2=" ">
    <subfield code="a">Sangathnatmak vyavhar</subfield>
    <subfield code="b">by Sunil Kumar Tiwari</subfield>
  </datafield>
  <datafield tag="260" ind1=" " ind2=" ">
    <subfield code="b">&#x92F;&#x942;&#x928;&#x93F;&#x935;&#x930;&#x94D;&#x938;&#x93F;&#x91F;&#x940; &#x92A;&#x92C;&#x94D;&#x932;&#x93F;&#x915;&#x947;&#x936;&#x928;</subfield>
    <subfield code="c">2010</subfield>
    <subfield code="a">&#x928;&#x908; &#x926;&#x93F;&#x932;&#x94D;&#x932;&#x940;</subfield>
  </datafield>
  <datafield tag="270" ind1=" " ind2=" ">
    <subfield code="a">22/4735, Prakash Deep Building,  Ansari Road</subfield>
    <subfield code="b">New Delhi</subfield>
    <subfield code="e">110002</subfield>
  </datafield>
  <datafield tag="300" ind1=" " ind2=" ">
    <subfield code="a">356&#x92A;&#x943;.</subfield>
    <subfield code="b">22 &#x938;&#x947;&#x92E;&#x940;(&#x938;&#x91C;&#x93F;&#x932;&#x94D;&#x926;)</subfield>
  </datafield>
  <datafield tag="700" ind1=" " ind2=" ">
    <subfield code="a">&#x924;&#x93F;&#x935;&#x93E;&#x930;&#x940;, &#x909;&#x937;&#x93E; </subfield>
    <subfield code="9">24988</subfield>
  </datafield>
  <datafield tag="700" ind1=" " ind2=" ">
    <subfield code="9">24989</subfield>
  </datafield>
  <datafield tag="942" ind1=" " ind2=" ">
    <subfield code="2">ddc</subfield>
    <subfield code="c">HN</subfield>
    <subfield code="h">658.1</subfield>
    <subfield code="m">&#x924;&#x93F;&#x935;&#x93E;&#x930;&#x940;</subfield>
  </datafield>
  <datafield tag="999" ind1=" " ind2=" ">
    <subfield code="c">50124</subfield>
    <subfield code="d">50124</subfield>
  </datafield>
</record>
